00315nam a2200121Ia 4500008004100000100001200041245004900053260002600102300000900128650003100137942000800168999001700176190216s9999||||xx |||||||||||||| ||und|| aJain Ts 0aState Bank Probationary Officers Examination bUpkar Prakashanc1985 a256p aProbationary Officers Exam cREF c35619d35619